Sports Quiz

Random Sports Quiz
Score 0/8 Timer 01:30
0 Plays Today
Coach Season % Correct
Urban Meyer2014
96.5%
Jim Tressel2002
95.5%
Paul Brown1942
77.1%
Woody Hayes1968
74.6%
Woody Hayes1954
73.6%
Woody Hayes1970
71.6%
Woody Hayes1957
71.1%
Woody Hayes1961
71.1%
Remove Ads.
Support Sporcle.
Get the best of Sporcle when you Go Orange. This ad-free experience offers more features, more stats, and more fun while also helping to support Sporcle. Thank you for becoming a member.

You're not logged in!

Compare scores with friends on all Sporcle quizzes.
OR
Log In

Show Comments

Extras

Top Quizzes Today


Score Distribution

Your Account Isn't Verified!

In order to create a playlist on Sporcle, you need to verify the email address you used during registration. Go to your Sporcle Settings to finish the process.

Report this User

Report this user for behavior that violates our Community Guidelines.

Details: